|
|
|
|
| LEADER |
00762nas a2200181 i 4500 |
| 001 |
acta42253 |
| 005 |
20260224081030.0 |
| 008 |
170522s2010 hu o 000 hun d |
| 022 |
|
|
|a 1417-3875
|
| 040 |
|
|
|a SZTE Egyetemi Kiadványok Repozitórium
|b hun
|
| 041 |
|
|
|a hun
|
| 100 |
1 |
|
|a Bai Chuanzhi
|
| 245 |
1 |
0 |
|a Existence of positive solutions for boundary value problems of fractional functional differential equations
|h [elektronikus dokumentum] /
|c Bai Chuanzhi
|
| 260 |
|
|
|c 2010
|
| 300 |
|
|
|a 1-14
|
| 490 |
0 |
|
|a Electronic journal of qualitative theory of differential equations
|
| 695 |
|
|
|a Határérték probléma - pozitív megoldások, Funkcionális differenciálegyenlet
|
| 856 |
4 |
0 |
|u http://acta.bibl.u-szeged.hu/42253/1/ejqtde_2010_030_001-014.pdf
|z Dokumentum-elérés
|